000 00728 a2200205 4500
005 20260218150937.0
008 260218b |||||||| |||| 00| 0 eng d
020 _cरु 400.00
040 _aMAIN
082 _a891.43301741
_bMK264:AL
100 _aअग्रवाल, लता
110 _a
245 _aमधुकांत की इक्यावन लघुकथाए तथा उनका समीक्षात्मक अधयन
250 _aLatest edition
260 _bमोनिका प्रकाशन
_aदिल्ली
_c2020
300 _a127
650 _aहिन्दी साहित्य
651 _aलधुकथाएँ - संग्रह
942 _cHN
999 _c396499
_d396499